000 00607nam a22002297a 4500
003 UA-OsUOA
001 89067
007 ta
008 20121024b un ||||| |||| 00| 0 ukr d
100 _aГаврилюк І.
090 _a821.161.2
_bГ12
942 _cBK
040 _aUA-OsUOA
_bukr
_cUA-OsUOA
_dUA-OsUOA
245 _aВчений нянь
_bгуморески
300 _a112 с.
955 _a3
041 _aukr
080 _a821.161.2
260 _aУжгород
_bКарпати
_c1983
650 7 _a82 Література. Літературознавство
_2UDC
999 _c375345
_d375345